Animal Crossing - les Villageois Oursons [avec image] - Statistiques

Statistiques générales
  • Ce quiz a été pris 18 fois
  • Le résultat moyen est 9 sur 18
Statistiques - réponses
Par images Réponse % Correct
Léa
86%
Miro
79%
Laura
71%
Myrtille
71%
Agnès
50%
Manu
50%
Pauline
50%
Placide
50%
Bill
43%
Gradub
43%
Marty
43%
Rosalie
43%
Théo
43%
Vanessa
43%
Vladimir
43%
Grisa
36%
Bella
21%
Eddie
21%
Aucun quiz correspondant
Distribution des résultats
% des personnes avec chaque résultat
Percentile par nombre de réponses
Votre historique - résultats
Vous n’avez pas pris ce quiz